| 000 -LEADER |
| fixed length control field |
03010 a2200277 4500 |
| 003 - CONTROL NUMBER IDENTIFIER |
| control field |
OSt |
| 005 - DATE AND TIME OF LATEST TRANSACTION |
| control field |
20241126172857.0 |
| 008 - FIXED-LENGTH DATA ELEMENTS--GENERAL INFORMATION |
| fixed length control field |
241126b ||||| |||| 00| 0 eng d |
| 020 ## - INTERNATIONAL STANDARD BOOK NUMBER |
| International Standard Book Number |
9789355325082 |
| Terms of availability |
Rs995.00 |
| 040 ## - CATALOGING SOURCE |
| Transcribing agency |
imukc |
| 041 ## - LANGUAGE CODE |
| Language code of text/sound track or separate title |
eng |
| 082 ## - DEWEY DECIMAL CLASSIFICATION NUMBER |
| Classification number |
658.4032 |
| Item number |
H6543 |
| 100 ## - MAIN ENTRY--PERSONAL NAME |
| 9 (RLIN) |
5310 |
| Personal name |
Hillier, Frederick S. |
| 245 ## - TITLE STATEMENT |
| Title |
Introduction to Management Science : |
| Remainder of title |
A Modeling and Case Studies Approach with Spreadsheets / |
| Statement of responsibility, etc. |
Frederick S. Hillier, and Mark S. Hillier |
| 250 ## - EDITION STATEMENT |
| Edition statement |
6th ed. |
| 260 ## - PUBLICATION, DISTRIBUTION, ETC. |
| Place of publication, distribution, etc. |
Chennai : |
| Name of publisher, distributor, etc. |
McGraw Hill Education (India) Private Limited, |
| Date of publication, distribution, etc. |
c2019. |
| 300 ## - PHYSICAL DESCRIPTION |
| Extent |
xviii, 622 p. : |
| Other physical details |
ill. ; |
| Dimensions |
28 cm |
| 500 ## - GENERAL NOTE |
| General note |
Indian edition |
| 504 ## - BIBLIOGRAPHY, ETC. NOTE |
| Bibliography, etc. note |
Includes index. |
| 505 ## - FORMATTED CONTENTS NOTE |
| Formatted contents note |
1 Introduction <br/>2 Linear Programming: Basic Concepts <br/>3 Linear Programming: Formulation and Applications <br/>4 The Art of Modeling with Spreadsheets <br/>5 What-If Analysis for Linear Programming <br/>6 Network Optimization Problems <br/>7 Using Binary Integer Programming to Deal with Yes-or-No Decisions <br/>8 Nonlinear Programming <br/>9 Decision Analysis<br/>10 Forecasting <br/>11 Queueing Models <br/>12 Computer Simulation: Basic Concepts <br/>13 Computer Simulation with Analytic Solver <br/><br/>APPENDIXES <br/>A Tips for Using Microsoft Excel for Modeling <br/>B Partial Answers to Selected Problems <br/><br/>CHAPTERS available Online <br/>14 Solution Concepts for Linear Programming <br/>15 Transportation and Assignment Problems <br/>16 PERT/CPM Models for Project Management <br/>17 Goal Programming <br/>18 Inventory Management with Known Demand <br/>19 Inventory Management with Uncertain Demand <br/>20 Computer Simulation with Crystal Ball |
| 520 ## - SUMMARY, ETC. |
| Summary, etc. |
<br/>The sixth edition of this book focuses on business situations, including prominent non-mathematical issues, the use of spreadsheets, and involves model formulation and assessment more than model structuring. This text offers a unique model approach and integrates the use of Excel. Through this approach students are better able to grasp the essential concepts covered in the course and see their utility. In addition to examples, nearly every chapter includes one or two case studies patterned after actual applications to convey the whole process of applying management science.<br/><br/><br/>Key Features:<br/><br/>• Strong managerial Perspective having extensive use of Spreadsheet. <br/>• A Modelling and a Case based approach. <br/>• Coverage on new topics like Role of Robust Optimization in What-If Analysis, Chance Constraints, Relationship Between Analytics and Management Science, etc. <br/>• Thorough updating of the Book. Numbers and other details describing their application in certain problems, cases, and examples have been updated along with capturing the uses of new technologies. <br/>• Diverse examples, problems, and cases convey the pervasive relevance of management science. <br/>• Excel tips interspersed among the margin notes |
| 650 #0 - SUBJECT ADDED ENTRY--TOPICAL TERM |
| 9 (RLIN) |
5702 |
| Topical term or geographic name entry element |
Management science |
|
| 9 (RLIN) |
1132 |
| Topical term or geographic name entry element |
Operations research |
| 700 ## - ADDED ENTRY--PERSONAL NAME |
| 9 (RLIN) |
5703 |
| Personal name |
Hillier, Mark S. |
| 942 ## - ADDED ENTRY ELEMENTS (KOHA) |
| Source of classification or shelving scheme |
|
| Koha item type |
Books |